• 首页
  • 本馆介绍
  • 公告通知
  • 最新文献
  • 馆藏检索
  • 电子资源
  • 读者导购
  • 参考咨询
  • 我的图书馆
  • 登录
  • 详细信息显示
  • 放入我的书架
  • 预约/预借图书
  • 作者相关作品
  • 分类相关作品
  • 丛书相关作品
  • 出版社相关作品

书目信息

  • 表格格式
  • 工作单格式
  • 卡片格式
题名:
科学研究方法学
    
 
作者: 吴岱明 著
分册:  
出版信息: 长沙   湖南人民出版社  1987
页数: 668页
开本: 19cm
丛书名: 新学科系列书
单 册:
中图分类: G304 , G312
科图分类:
主题词: 科学研究-研究方法 , 研究方法-科学研究 , 科学研究--工作
电子资源:
ISBN: 7-217-00062-9
000 00808nam2 2200301 45
001 0187001951
005 20040430110009.4
010    @a7-217-00062-9@dCNY5.15
010    @a7-217-00063-7@b精装@d¥5.15
100    @a19900808d1987 kemy0chiy0121 ea
101 0  @achi
102    @aCN@b430000
105    @ay z 000yy
106    @ar
200 10 @a科学研究方法学@Ake xue yan jiu fang fa xue@f吴岱明著
210    @a长沙@c湖南人民出版社@d1987
215    @a668页@d19cm
225 2  @a新学科系列书
410  0 @120010@a新学科系列书
606    @a科学研究-研究方法
606    @a研究方法-科学研究
606 0  @a科学研究@x工作
690    @aG304@v3
690    @aG312
701  0 @a吴岱明@Awu dai ming@4著
801  0 @aCN@b深圳图书馆@c20040430
801  2 @aCN@bNLC@c20040430
905    @f1@b204184@dG312@e8
    
    科学研究方法学/吴岱明著.-长沙:湖南人民出版社,1987
    668页;19cm.-(新学科系列书)
    
    
    ISBN 7-217-00062-9:CNY5.15
    
●
相关链接 在E读中查询图书 在五车中查询图书 在当当中查询图书 在豆瓣中查询图书


正题名:科学研究方法学     索取号:G312/8         预约/预借

序号 登录号 条形码 馆藏地/架位号 状态 备注
1 0204184   000986179   密集书库/ [索取号:G312/8] 在馆    
2 0204185   002058695   第一样本阅览室/ [索取号:G312/8] 在馆    
唐山师范学院图书馆 欢迎您!
大连网信软件有限公司© 版权所有